000 00534namaa22001811 4500
001 177936
003 ES-MaACL
005 20230906220441.0
008 110510s1972 sp |||| | spa d
080 _a821.111-31"19"
100 1 _aLeslie, Warren.
_9146428
245 1 0 _aDebajo de la piel /
_cLeslie Warren ; [traducido por Jaime Maceín Sinova].
250 _a1ª ed.
260 _aBarcelona :
_bGrijalbo,
_c[1972]
300 _a405 p., 1 h. ;
_c20 cm.
700 0 _aMacein Sinova, Jaime.
_975138
852 _aES-MaACL
_jC-43192
999 _c177936
_d177936